| 000 | 00940nas a2200325 4500 | ||
|---|---|---|---|
| 001 | BR2011004178 | ||
| 003 | BR-BrBNA | ||
| 005 | 20231205120446.0 | ||
| 007 | ta | ||
| 008 | 230509b bl.|||p| |||| 00| 00por d | ||
| 040 |
_aBR-BrBNA _bpor _cBiblioteca Nacional de Agricultura |
||
| 041 | _a(Pt) | ||
| 072 | _aF01 | ||
| 100 | 1 | _aSilva, V. | |
| 100 | 1 | _aLima, J.F. de | |
| 100 | 1 | _aLima, J.F. de | |
| 100 | 1 | _aPeixoto, C.P. | |
| 100 | 1 | _aPeixoto, M. de F. da S.P. | |
| 100 | 1 | _aLedo, C.A. da S. | |
| 245 | 1 | _aDesenvolvimento de cultivares de Ricinus communis L. no Recôncavo Baiano | |
| 650 | _aMAMONA | ||
| 650 | _aRICINUS COMMUNIS | ||
| 650 | _aVARIEDADE | ||
| 650 | _aCRESCIMENTO | ||
| 650 | _aBAHIA | ||
| 773 | 0 |
_tMagistra (Brazil) _xISSN 2236-4420 _g(Jan-Jun 2011), v. 23(1-2) p. 32-40 _wBR2011004178 |
|
| 856 | 4 | 0 | _dLink DSPACE/MAPA BR2011004178 |
| 909 |
_a202311 _bLúcia _c55 _dLúcia Elande |
||
| 942 |
_2AGRIS _n0 _cANA |
||
| 999 |
_c218607 _d218607 |
||